002050000a220007300045001000023000002450055000233000035000787730018001131 aShore, Christopher10aThe future of microfinance- one way, or many ways? aNum. 5 (2002), Páginas 20-210 tGlobal Future